{"text_format":"3","workbook":"xlsx","n_sheets":2,"sheets":["Sheet1","苗木采购"],"not_rendered":{"defined_names":2},"read":"whole","date_system":"1900"}

{"sheet":"Sheet1","index":0,"n_rows":123,"n_cols":13,"rows_kept":123,"hidden":true,"merged":[[0,0,0,10],[1,0,2,0],[1,1,2,1],[1,2,2,2],[1,3,2,3],[1,4,2,4],[1,5,2,5],[1,6,2,6],[1,7,2,7],[1,8,2,8],[1,9,2,9],[1,10,2,10],[1,11,2,11],[122,1,122,4]]}
["芜湖城市园林集团有限公司2024-2025年度绿化养护苗木采购"]
["序号","名称","技术参数和规格型号","单位","数量","单价\n（不含税）","合计价","列入优先采购和强制采购品目清单情况（优先采购或强制采购）","所属行业（按工信部联企业【2011】300号）","标的性质（货物/服务）","备注","价格来源"]
[]
[1,"矮生美人蕉","H40-60","株",17000,{"v":1,"d":"1.00"},{"$f":"E4*F4","v":{"v":17000,"d":"17000.00"}},null,"农、林、牧、渔业","货物","株形端正","宿州7月信息价"]
[2,"八角金盘","高50cm,冠40cm，带土球","株",56000,3.47,{"v":194320,"d":"194320.00"},null,"农、林、牧、渔业","货物","株形端正","马鞍山7月信息价"]
[3,"白玉兰","地径12cm,全冠,高300cm以上,土球80cm以上","株",5,{"v":850,"d":"850.00"},{"v":4250,"d":"4250.00"},null,"农、林、牧、渔业","货物","树形端正，不偏冠","中国园林网"]
[4,"白玉兰","地径8cm,全冠,高300cm以上,土球60cm以上","株",10,284.39,{"v":2843.9,"d":"2843.90"},null,"农、林、牧、渔业","货物","树形端正，不偏冠","合肥7月信息价"]
[5,"碧桃","地径7cm,冠200-250cm,高200-250cm,土球50cm以上","株",15,238.52,{"v":3577.8,"d":"3577.80"},null,"农、林、牧、渔业","货物","树形端正，不偏冠","合肥7月信息价"]
[6,"百慕大","草卷","m2",16000,10.55,{"v":168800,"d":"168800.00"},null,"农、林、牧、渔业","货物",null,"合肥7月信息价"]
[7,"茶梅","（毛球）高50cm,冠40cm,土球10cm，地栽苗","株",2550,{"v":24.5,"d":"24.50"},{"v":62475,"d":"62475.00"},null,"农、林、牧、渔业","货物","树形端正，不偏冠","中国园林网","P40"]
[8,"常春藤","藤长25-35cm","株",22520,{"v":2.1,"d":"2.10"},{"v":47292,"d":"47292.00"},null,"农、林、牧、渔业","货物","株形端正","马鞍山7月信息价"]
[9,"垂柳","胸径12cm,冠300cm,高400cm,土球100cm以上","株",10,{"v":450,"d":"450.00"},{"v":4500,"d":"4500.00"},null,"农、林、牧、渔业","货物","树形端正，不偏冠","中国园林网"]
[10,"垂柳","胸径10cm,冠200cm,高400cm,土球80cm以上","株",2,317.42,634.84,null,"农、林、牧、渔业","货物","树形端正，不偏冠","合肥7月信息价"]
[11,"垂丝海棠","地径6cm,冠150cm,枝下高70-100cm，高200cm,土球40cm以上","株",15,238.52,{"v":3577.8,"d":"3577.80"},null,"农、林、牧、渔业","货物","树形端正，不偏冠","合肥7月信息价"]
[12,"大叶黄杨","（毛球）高60cm,冠40cm,土球10cm,地栽苗","株",28000,{"v":5.5,"d":"5.50"},{"v":154000,"d":"154000.00"},null,"农、林、牧、渔业","货物","树形端正，不偏冠"]
[13,"大叶栀子花","冠25高30","株",7520,{"v":1.5,"d":"1.50"},{"v":11280,"d":"11280.00"},null,"农、林、牧、渔业","货物","株形端正"]
[14,"大叶栀子花","冠35高50","株",2500,{"v":2.6,"d":"2.60"},{"v":6500,"d":"6500.00"},null,"农、林、牧、渔业","货物","株形端正"]
[15,"地中海荚蒾","（毛球）高40cm,冠35cm","株",5400,2.05,{"v":11070,"d":"11070.00"},null,"农、林、牧、渔业","货物","株形端正"]
[16,"棣棠","H40 P30","株",1000,{"v":1.5,"d":"1.50"},{"v":1500,"d":"1500.00"},null,"农、林、牧、渔业","货物","株形端正","中国园林网"]
[17,"法国冬青","高50cm,冠幅30cm，带土球","株",29000,{"v":2.3,"d":"2.30"},{"v":66700,"d":"66700.00"},null,"农、林、牧、渔业","货物","株形端正","中国园林网"]
[18,"法国冬青","高70cm,冠幅40cm，带土球","株",17000,{"v":4.9,"d":"4.90"},{"v":83300,"d":"83300.00"},null,"农、林、牧、渔业","货物","株形端正","中国园林网"]
[19,"法梧","胸径10cm,枝下高220cm,冠250-300cm，高550-600cm,土球80cm以上","株",80,{"$f":"290/1.09","v":{"v":266.05504587156,"d":"266.06"}},{"v":21284.4036697248,"d":"21284.40"},null,"农、林、牧、渔业","货物","树形端正，不偏冠","宣城"]
[20,"法梧","胸径12cm,枝下高220cm,冠300cm,高550-600cm,土球100cm以上","株",80,{"$f":"500/1.09","v":{"v":458.715596330275,"d":"458.72"}},{"v":36697.247706422,"d":"36697.25"},null,"农、林、牧、渔业","货物","树形端正，不偏冠","宣城"]
[21,"法梧","胸径15cm,枝下高220cm.冠300cm以上,高550-600cm,土球120cm以上","株",24,{"$f":"700/1.09","v":{"v":642.201834862385,"d":"642.20"}},{"v":15412.8440366972,"d":"15412.84"},null,"农、林、牧、渔业","货物","树形端正，不偏冠","中国园林网"]
[22,"粉花绣线菊","H40 P30","株",9250,2.75,{"v":25437.5,"d":"25437.50"},null,"农、林、牧、渔业","货物","株形端正"]
[23,"扶芳藤","藤长25-30cm","株",16480,0.55,{"v":9064,"d":"9064.00"},null,"农、林、牧、渔业","货物","株形端正"]
[24,"高杆冬青","胸径12cm,冠300cm,枝下高220cm,土球120cm以上","株",10,{"v":950,"d":"950.00"},{"v":9500,"d":"9500.00"},null,"农、林、牧、渔业","货物","树形端正，不偏冠"]
[25,"高杆女贞","胸径12cm,冠300cm,枝下高220cm,土球100cm以上","株",30,{"v":550,"d":"550.00"},{"v":16500,"d":"16500.00"},null,"农、林、牧、渔业","货物","树形端正，不偏冠"]
[26,"瓜子黄杨","高35cm,冠25cm,带土球","株",4880,{"$f":"1.25/1.09","v":{"v":1.14678899082569,"d":"1.15"}},{"v":5596.33027522937,"d":"5596.33"},null,"农、林、牧、渔业","货物","株形端正","中国园林网"]
[27,"瓜子黄杨","（毛球）高50cm,冠30cm,土球10cm,地栽苗","株",26600,{"v":4.8,"d":"4.80"},{"v":127680,"d":"127680.00"},null,"农、林、牧、渔业","货物","株形端正"]
[28,"广玉兰","胸径12cm,冠250cm,分枝点150cm，高500cm,土球100cm以上","株",77,501.82,38640.14,null,"农、林、牧、渔业","货物","树形端正，不偏冠","合肥7月信息价"]
[29,"广玉兰","胸径15cm,冠250cm,分枝点150cm，高500cm以上,土球120cm以上","株",11,899.05,9889.55,null,"农、林、牧、渔业","货物","树形端正，不偏冠","合肥7月信息价"]
[30,"龟甲冬青","(毛球）高40cm,全冠35cm,土球10cm，地栽苗","株",13100,4.08,{"v":53448,"d":"53448.00"},null,"农、林、牧、渔业","货物","树形端正，不偏冠","马鞍山7月信息价"]
[31,"桂花（银桂）","地径6cm,冠150cm以上,高200cm以上,土球50cm以上","株",20,{"$f":"320/1.09","v":{"v":293.577981651376,"d":"293.58"}},{"v":5871.55963302752,"d":"5871.56"},null,"农、林、牧、渔业","货物","独杆，树形端正，不偏冠","中国园林网"]
[32,"桂花（银桂）","地径9cm,冠250cm,高300cm,土球70cm以上","株",42,803.67,33754.14,null,"农、林、牧、渔业","货物","独杆，树形端正，不偏冠","马鞍山7月信息价"]
[33,"国槐","胸径12cm,全冠移植苗，土球100cm以上","株",15,477.05,7155.75,null,"农、林、牧、渔业","货物","树形端正，不偏冠","合肥7月信息价"]
[34,"果岭草","草卷","㎡",1430,16.51,{"v":23609.3,"d":"23609.30"},null,"农、林、牧、渔业","货物",null,"合肥7月信息价"]
[35,"海桐","(毛球)高50cm,全冠30cm,土球10cm，地栽苗","株",186600,3.07,{"v":572862,"d":"572862.00"},null,"农、林、牧、渔业","货物","树形端正，不偏冠","马鞍山7月信息价"]
[36,"海桐","(毛球)高50cm,全冠30cm,土球10cm，地栽苗","株",10,3.07,{"v":30.7,"d":"30.70"},null,"农、林、牧、渔业","货物","树形端正，不偏冠","马鞍山7月信息价"]
[37,"合欢","胸径14cm,全冠移植苗，土球120cm，分枝点200cm以上","株",42,1284.36,53943.12,null,"农、林、牧、渔业","货物","树形端正，不偏冠","结合合肥及马鞍山7月信息价"]
[38,"黑心菊","H30","株",4520,{"v":1,"d":"1.00"},{"v":4520,"d":"4520.00"},null,"农、林、牧、渔业","货物","株形端正"]
[39,"红枫","地径6cm,冠150cm，分枝点70-100cm，土球40cm以上","株",229,256.87,58823.23,null,"农、林、牧、渔业","货物","树形端正，不偏冠","合肥7月信息价"]
[40,"红枫","地径8cm，高度250-300cm，冠幅250cm以上，分枝点70-100cm，土球60cm以上","株",47,761.44,35787.68,null,"农、林、牧、渔业","货物","树形端正，不偏冠","合肥7月信息价"]
[41,"红花继木","高35cm,冠25cm,带土球","株",5000,{"v":1.9,"d":"1.90"},{"v":9500,"d":"9500.00"},null,"农、林、牧、渔业","货物","株形端正","宿州7月信息价"]
[42,"红花继木","(毛球）高50cm,全冠35cm,土球10cm，地栽苗","株",62320,3.86,{"v":240555.2,"d":"240555.20"},null,"农、林、牧、渔业","货物","株形端正","马鞍山7月信息价"]
[43,"红花继木球","冠130cm,高120cm,土球60cm以上","株",18,{"v":138.9,"d":"138.90"},{"v":2500.2,"d":"2500.20"},null,"农、林、牧、渔业","货物","株形端正","马鞍山7月信息价"]
[44,"红花玉兰","地径10cm,全冠,高350cm以上,土球80cm以上","株",7,{"v":380,"d":"380.00"},{"v":2660,"d":"2660.00"},null,"农、林、牧、渔业","货物","树形端正，不偏冠","广材网"]
[45,"红梅","地径6cm,冠1.2-1.8m,高2.1-2.5m,分枝点0.6-0.8m，土球50cm","株",25,{"v":250,"d":"250.00"},{"v":6250,"d":"6250.00"},null,"农、林、牧、渔业","货物","树形端正，不偏冠"]
[46,"红叶李","地径6cm,全冠，土球40cm以上","棵",41,155.96,6394.36,null,"农、林、牧、渔业","货物","树形端正，不偏冠","合肥7月信息价"]
[47,"红叶李","地径8cm,全冠，土球50cm以上","株",26,321.09,8348.34,null,"农、林、牧、渔业","货物","树形端正，不偏冠","合肥7月信息价"]
[48,"红叶李","地径10cm,全冠，土球80cm以上","株",20,{"v":580,"d":"580.00"},{"v":11600,"d":"11600.00"},null,"农、林、牧、渔业","货物","树形端正，不偏冠","宿州7月信息价"]
[49,"红叶石楠","高35cm,冠25cm,带土球(红火焰）","株",96100,2.61,{"v":250821,"d":"250821.00"},null,"农、林、牧、渔业","货物","树形端正，不偏冠","六安7月信息价"]
[50,"红叶石楠","（毛球）高50cm,全冠30cm,土球10cm,地栽苗(红火焰）","株",294100,4.59,{"v":1349919,"d":"1349919.00"},null,"农、林、牧、渔业","货物","树形端正，不偏冠","合肥7月信息价"]
[51,"红叶石楠球","高80cm,冠35cm,土球20cm","株",16,5.14,82.24,null,"农、林、牧、渔业","货物","树形端正，不偏冠","合肥7月信息价"]
[52,"花石榴","冠200cm,高300cm,土球50cm以上","株",7,{"v":600,"d":"600.00"},{"v":4200,"d":"4200.00"},null,"农、林、牧、渔业","货物","株形端正","广材网"]
[53,"花叶芦竹","H50cm","株",100,{"v":1.5,"d":"1.50"},{"v":150,"d":"150.00"},null,"农、林、牧、渔业","货物","株形端正"]
[54,"花叶络石","冠20cm","株",74260,{"v":1.5,"d":"1.50"},{"v":111390,"d":"111390.00"},null,"农、林、牧、渔业","货物","株形端正","广材网"]
[55,"花叶蔓长春","L25cm以上","株",28360,{"v":1.1,"d":"1.10"},{"v":31196,"d":"31196.00"},null,"农、林、牧、渔业","货物","株形端正","广材网"]
[56,"花叶玉簪","64丛/平方","丛",5440,{"v":1.2,"d":"1.20"},{"v":6528,"d":"6528.00"},null,"农、林、牧、渔业","货物","株形端正"]
[57,"黄花决明","H40-50 P30-35","株",13500,{"v":0.8,"d":"0.80"},{"v":10800,"d":"10800.00"},null,"农、林、牧、渔业","货物","株形端正","中国园林网"]
[58,"黄馨","高50cm,冠30cm，带土球，3分枝以上","株",720,1.41,{"v":1015.2,"d":"1015.20"},null,"农、林、牧、渔业","货物","株形端正"]
[59,"鸡爪槭","D6 H200-300 P180-200 枝下100-120","株",19,{"v":363.3,"d":"363.30"},{"v":6902.7,"d":"6902.70"},null,"农、林、牧、渔业","货物","树形端正，不偏冠","马鞍山7月信息价"]
[60,"鸡爪槭","D8 H180-200 P200-220 枝下80","株",10,{"v":721.1,"d":"721.10"},{"v":7211,"d":"7211.00"},null,"农、林、牧、渔业","货物","树形端正，不偏冠","马鞍山7月信息价"]
[61,"夹竹桃","H150-180 P100 红花 五叉以上","株",75,{"v":50,"d":"50.00"},{"v":3750,"d":"3750.00"},null,"农、林、牧、渔业","货物","树形端正，不偏冠"]
[62,"嫁接银杏","胸径12cm,分枝点200cm以上,土球100cm以上","株",20,{"v":600,"d":"600.00"},{"v":12000,"d":"12000.00"},null,"农、林、牧、渔业","货物","四分叉以上，树形端正"]
[63,"金边黄杨","（毛球）高50cm,冠35cm,土球10cm,地栽苗","株",134600,3.49,{"v":469754,"d":"469754.00"},null,"农、林、牧、渔业","货物","不偏冠","合肥7月信息价"]
[64,"金边黄杨","高35cm,冠25cm,带土球","株",36440,2.51,{"v":91464.4,"d":"91464.40"},null,"农、林、牧、渔业","货物","不偏冠","六安7月信息价"]
[65,"金边麦冬","每丛10芽以上","丛",20480,{"v":0.6,"d":"0.60"},{"$f":"E68*F68","v":{"v":12288,"d":"12288.00"}},null,"农、林、牧、渔业","货物","株形端正"]
[66,"金森女贞","高35cm,冠25cm，带土球","株",153525,{"v":2,"d":"2.00"},{"v":307050,"d":"307050.00"},null,"农、林、牧、渔业","货物","树形端正，不偏冠"]
[67,"金森女贞","（毛球）高50cm,冠40cm,土球10cm,地栽苗","株",499840,{"v":3.5,"d":"3.50"},{"v":1749440,"d":"1749440.00"},null,"农、林、牧、渔业","货物","树形端正，不偏冠"]
[68,"金丝桃","H40 P25","株",5750,{"v":1.5,"d":"1.50"},{"v":8625,"d":"8625.00"},null,"农、林、牧、渔业","货物","株形端正","黄山7月信息价"]
[69,"锦带花","（毛球）高60cm,冠35cm","株",7500,{"v":1.5,"d":"1.50"},{"v":11250,"d":"11250.00"},null,"农、林、牧、渔业","货物","株形端正"]
[70,"兰花三七","每丛8芽以上","丛",10240,{"v":0.4,"d":"0.40"},{"v":4096,"d":"4096.00"},null,"农、林、牧、渔业","货物","株形端正"]
[71,"龙柏","(毛球)高50cm,冠30cm,带土球","株",500,{"v":2.3,"d":"2.30"},{"v":1150,"d":"1150.00"},null,"农、林、牧、渔业","货物","株形端正"]
[72,"栾树","胸径11cm,全冠，分枝点高200cm以上,土球80cm以上","株",5,467.89,2339.45,null,"农、林、牧、渔业","货物","移植苗，树形端正，不偏冠","马鞍山7月信息价"]
[73,"栾树","胸径13cm,全冠，分枝点高250cm,土球100cm以上","株",6,{"v":943.9,"d":"943.90"},{"v":5663.4,"d":"5663.40"},null,"农、林、牧、渔业","货物","移植苗，树形端正，不偏冠"]
[74,"栾树","胸径15cm,全冠，分枝点高230cm以上,土球120cm以上","株",47,1350.46,63471.62,null,"农、林、牧、渔业","货物","移植苗，树形端正，不偏冠","马鞍山7月信息价"]
[75,"罗汉松","地径7cm,冠150cm,高250cm以上,土球60cm以上","株",4,{"v":450,"d":"450.00"},{"v":1800,"d":"1800.00"},null,"农、林、牧、渔业","货物","树形端正，不偏冠"]
[76,"马褂木","胸径14cm,全冠移植苗，高3.5-4m，冠4-4.5m，土球1.2m","株",22,{"v":600,"d":"600.00"},{"v":13200,"d":"13200.00"},null,"农、林、牧、渔业","货物","树形端正，不偏冠"]
[77,"麦冬","每丛10芽以上","丛",378720,{"v":0.4,"d":"0.40"},{"v":151488,"d":"151488.00"},null,"农、林、牧、渔业","货物","株形端正"]
[78,"毛鹃","高35cm,冠25cm,带土球","株",87475,{"v":2.5,"d":"2.50"},{"v":218687.5,"d":"218687.50"},null,"农、林、牧、渔业","货物","株形端正","黄山7月信息价"]
[79,"毛鹃","（毛球）高50cm，冠40cm,土球10cm，地栽苗","株",28200,{"v":4.5,"d":"4.50"},{"v":126900,"d":"126900.00"},null,"农、林、牧、渔业","货物","株形端正"]
[80,"梅花","地径7cm,冠200cm,高300cm,土球50cm以上","株",19,{"v":557.8,"d":"557.80"},{"v":10598.2,"d":"10598.20"},null,"农、林、牧、渔业","货物","树形端正，不偏冠"]
[81,"美人蕉","高40","株",1080,0.66,{"v":712.8,"d":"712.80"},null,"农、林、牧、渔业","货物","株形端正"]
[82,"木槿","地径7cm，冠2.5-2.8m,高2.2-2.5m,土球60cm","株",23,{"v":220,"d":"220.00"},{"v":5060,"d":"5060.00"},null,"农、林、牧、渔业","货物","红花重瓣，树形端正，不偏冠"]
[83,"南天竹","高40cm,冠30cm,带土球","株",21500,2.21,{"v":47515,"d":"47515.00"},null,"农、林、牧、渔业","货物","株形端正"]
[84,"青枫","胸径10cm,冠250cm以上,分枝点230cm以上.土球100cm以上","株",9,{"v":650,"d":"650.00"},{"v":5850,"d":"5850.00"},null,"农、林、牧、渔业","货物","树形端正，不偏冠"]
[85,"洒金珊瑚","(毛球)高50cm,冠40cm,土球10cm，地栽苗","株",7000,3.78,{"v":26460,"d":"26460.00"},null,"农、林、牧、渔业","货物","株形端正"]
[86,"三角枫","胸径15cm,全冠移植苗，分枝点230cm以上，土球120cm以上","株",1,2300.92,2300.92,null,"农、林、牧、渔业","货物","树形端正，不偏冠"]
[87,"珊瑚","50*35毛球（带土球）","株",20000,3.79,{"v":75800,"d":"75800.00"},null,"农、林、牧、渔业","货物","株形端正","马鞍山7月信息价"]
[88,"十大功劳","高50cm,冠幅35cm，土球15cm","株",18600,{"v":4,"d":"4.00"},{"v":74400,"d":"74400.00"},null,"农、林、牧、渔业","货物","株形端正"]
[89,"十大功劳","冠25高30","株",2160,{"v":2,"d":"2.00"},{"v":4320,"d":"4320.00"},null,"农、林、牧、渔业","货物","株形端正"]
[90,"实生银杏","胸径12cm,分枝点150cm以下,高600cm以上,土球100cm以上","株",30,449.53,{"v":13485.9,"d":"13485.90"},null,"农、林、牧、渔业","货物","树形端正，不偏冠","合肥7月信息价"]
[91,"水杉","胸径12cm,冠200cm,高600cm,土球70cm以上","株",103,{"v":460,"d":"460.00"},{"v":47380,"d":"47380.00"},null,"农、林、牧、渔业","货物","树形端正，不偏冠"]
[92,"水杉","胸径8cm,冠150cm,高600cm,土球60cm以上","株",45,{"v":260,"d":"260.00"},{"v":11700,"d":"11700.00"},null,"农、林、牧、渔业","货物","树形端正，不偏冠"]
[93,"睡莲(红花)","H30cm","株",100,{"v":5,"d":"5.00"},{"v":500,"d":"500.00"},null,"农、林、牧、渔业","货物","株形端正"]
[94,"晚樱","D6cm,冠200cm,枝下高70-100cm.土球40cm以上","株",496,{"v":250,"d":"250.00"},{"v":124000,"d":"124000.00"},null,"农、林、牧、渔业","货物","树形端正，不偏冠","宿州7月信息价"]
[95,"晚樱","D8cm,高200-250cm,冠200cm,枝下高70-100cm,土球60cm以上","株",34,{"v":350,"d":"350.00"},{"v":11900,"d":"11900.00"},null,"农、林、牧、渔业","货物","树形端正，不偏冠","宿州7月信息价"]
[96,"晚樱","D10 P200-250 枝下高70-100","株",81,{"v":500,"d":"500.00"},{"v":40500,"d":"40500.00"},null,"农、林、牧、渔业","货物","树形端正，不偏冠","宿州7月信息价"]
[97,"无刺构骨球","高120cm,冠120cm,土球50cm以上","株",32,116.97,3743.04,null,"农、林、牧、渔业","货物","不偏冠"]
[98,"无刺构骨球","高150cm,冠130cm,土球60cm以上","株",25,{"v":150,"d":"150.00"},{"v":3750,"d":"3750.00"},null,"农、林、牧、渔业","货物","不偏冠"]
[99,"五针松","D8 H200 P200 枝下高30-50","株",6,730.28,4381.68,null,"农、林、牧、渔业","货物","树形端正，不偏冠"]
[100,"夏鹃","H40cm P30cm土球10cm(毛球)","株",8500,{"v":4.3,"d":"4.30"},{"v":36550,"d":"36550.00"},null,"农、林、牧、渔业","货物","株形端正"]
[101,"夏鹃","（毛球）高50cm,冠40cm,土球15cm，地栽苗","株",3000,{"v":5.5,"d":"5.50"},{"v":16500,"d":"16500.00"},null,"农、林、牧、渔业","货物","株形端正"]
[102,"香樟","胸径10cm","株",56,412.83,23118.48,null,"农、林、牧、渔业","货物","移植苗（黑土），树形端正，不偏冠","合肥7月信息价"]
[103,"香樟","胸径12cm,冠250cm以上,分枝点230cm以上,土球100cm以上","株",141,{"v":706.4,"d":"706.40"},{"v":99602.4,"d":"99602.40"},null,"农、林、牧、渔业","货物","移植苗（黑土），树形端正，不偏冠","合肥7月信息价"]
[104,"香樟","胸径15cm,冠300cm以上,分枝点230cm以上，土球120cm以上","株",49,1357.75,66529.75,null,"农、林、牧、渔业","货物","移植苗（黑土），树形端正，不偏冠","合肥7月信息价"]
[105,"小叶栀子花","冠25高30","株",1260,2.02,{"v":2545.2,"d":"2545.20"},null,"农、林、牧、渔业","货物","株形端正"]
[106,"熊掌木","高50cm,冠30cm，带土球","株",15000,{"v":3.5,"d":"3.50"},{"v":52500,"d":"52500.00"},null,"农、林、牧、渔业","货物","株形端正"]
[107,"绣线菊","冠25高30","株",3500,2.75,{"v":9625,"d":"9625.00"},null,"农、林、牧、渔业","货物","株形端正"]
[108,"萱草","冠30cm","株",5120,{"v":1.5,"d":"1.50"},{"v":7680,"d":"7680.00"},null,"农、林、牧、渔业","货物","株形端正"]
[109,"雪松","胸径10cm,冠250cm以上,分枝点80cm.土球100cm以上","株",7,{"v":700,"d":"700.00"},{"v":4900,"d":"4900.00"},null,"农、林、牧、渔业","货物","树形端正，不偏冠"]
[110,"杨梅","D7 H250 P250","株",5,{"v":375,"d":"375.00"},{"v":1875,"d":"1875.00"},null,"农、林、牧、渔业","货物","树形端正，不偏冠"]
[111,"银姬小蜡","H35","株",5350,{"v":1.8,"d":"1.80"},{"v":9630,"d":"9630.00"},null,"农、林、牧、渔业","货物","株形端正"]
[112,"银姬小蜡","(毛球)高50cm,冠35cm,带土球","株",3500,{"v":3.3,"d":"3.30"},{"v":11550,"d":"11550.00"},null,"农、林、牧、渔业","货物","株形端正"]
[113,"月季","二年生红帽月季，冠25cm，带土球","株",2160,{"v":1.2,"d":"1.20"},{"v":2592,"d":"2592.00"},null,"农、林、牧、渔业","货物","株形端正"]
[114,"再力花","H50cm","株",100,{"v":1.1,"d":"1.10"},{"v":110,"d":"110.00"},null,"农、林、牧、渔业","货物","株形端正"]
[115,"造型五针松","D11-12 P160以上","株",5,{"v":2900,"d":"2900.00"},{"v":14500,"d":"14500.00"},null,"农、林、牧、渔业","货物","株形端正"]
[116,"栀子花","高40cm,冠25cm，带土球","株",18000,2.75,{"v":49500,"d":"49500.00"},null,"农、林、牧、渔业","货物","株形端正","合肥7月信息价"]
[117,"紫薇","D8cm，高度250-300cm，冠幅200-250cm,土球50cm以上","株",11,244.03,2684.33,null,"农、林、牧、渔业","货物","树形端正，不偏冠","合肥7月信息价"]
[118,"紫薇","D6 H250-280 P130 枝下高80-100","株",26,107.34,2790.84,null,"农、林、牧、渔业","货物","树形端正，不偏冠","合肥7月信息价"]
[119,"欧石竹","H15,容器苗","株",32000,{"v":0.8,"d":"0.80"},{"v":25600,"d":"25600.00"},{"$nulls":4},"宿州7月信息价"]
[null,"总计",{"$nulls":4},{"$f":"SUM(G4:G122)","v":{"v":8286309.9853211,"d":"8286309.99"}}]

{"sheet":"苗木采购","index":1,"n_rows":35,"n_cols":9,"rows_kept":35,"merged":[[0,0,0,8],[1,0,2,0],[1,1,2,1],[1,2,2,2],[1,3,2,3],[1,4,2,4],[1,5,2,5],[1,6,2,6],[1,7,2,7],[1,8,2,8],[33,0,33,3],[34,0,34,8]]}
["芜湖城市园林集团有限公司2024—2025年度绿化养护苗木采购项目（二包）\n"]
["序号","苗木名称","规格型号","单位","数量","控制单价\n（元，不含税）","报价单价\n（元，不含税）","报价合价\n(元，不含税)","备注"]
[]
[1,"白玉兰","地径12cm,全冠,高300cm以上,土球80cm以上","株",30,{"v":850,"d":"850.00"},null,null,"树形端正，不偏冠"]
[2,"茶梅","（毛球）高50cm,冠40cm,土球10cm，地栽苗","株",39660,6.54,null,null,"株形端正"]
[3,"茶梅球","高120cm，冠120cm","株",20,{"v":220,"d":"220.00"},null,null,"树形端正，不偏冠"]
[4,"茶梅球","P50cm H100cm","株",30,{"v":55,"d":"55.00"},null,null,"树形端正，不偏冠"]
[5,"垂柳","胸径12cm,冠300cm,高400cm,土球100cm以上","株",20,{"v":450,"d":"450.00"},null,null,"树形端正，不偏冠"]
[6,"法国冬青","高70cm,冠幅40cm，带土球","株",45720,{"v":4.9,"d":"4.90"},null,null,"株形端正"]
[7,"法梧","胸径10cm,枝下高220cm,冠250-300cm，高550-600cm,土球80cm以上","株",148,266.06,null,null,"树形端正，不偏冠"]
[8,"法梧","胸径15cm,枝下高220cm.冠300cm以上,高550-600cm,土球120cm以上","株",130,{"v":642.2,"d":"642.20"},null,null,"树形端正，不偏冠"]
[9,"瓜子黄杨","（毛球）高50cm,冠30cm,土球10cm,地栽苗","株",109000,{"v":4.8,"d":"4.80"},null,null,"株形端正"]
[10,"广玉兰","胸径15cm,冠250cm,分枝点150cm，高500cm以上,土球120cm以上","株",52,899.05,null,null,"树形端正，不偏冠"]
[11,"桂花（银桂）","地径9cm,冠250cm,高300cm,土球70cm以上","株",70,803.67,null,null,"独杆，树形端正，不偏冠"]
[12,"红枫","地径8cm，高度250-300cm，冠幅250cm以上，分枝点70-100cm，土球60cm以上","株",178,761.44,null,null,"树形端正，不偏冠"]
[13,"红花继木","(毛球）高50cm,全冠35cm,土球10cm，地栽苗","株",182000,2.75,null,null,"株形端正"]
[14,"红叶李","地径8cm,全冠，土球50cm以上","株",255,321.09,null,null,"树形端正，不偏冠"]
[15,"红叶石楠","（毛球）高50cm,全冠30cm,土球10cm,地栽苗(红火焰）","株",307210,3.41,null,null,"株形端正"]
[16,"红叶石楠球","冠150cm","株",30,176.51,null,null,"树形端正，不偏冠"]
[17,"金边黄杨","（毛球）高50cm,冠35cm,土球10cm,地栽苗","株",206500,{"v":2.5,"d":"2.50"},null,null,"不偏冠"]
[18,"金边麦冬","每丛10芽以上","丛",{"$f":"166320+30000","v":196320},{"v":0.6,"d":"0.60"},null,null,"株形端正"]
[19,"金森女贞","（毛球）高50cm,冠40cm,土球10cm,地栽苗","株",337490,3.12,null,null,"株形端正"]
[20,"栾树","胸径11cm,全冠，分枝点高200cm以上,土球80cm以上","株",84,467.89,null,null,"移植苗，树形端正，不偏冠"]
[21,"栾树","胸径15cm,全冠，分枝点高230cm以上,土球120cm以上","株",15,1350.46,null,null,"移植苗，树形端正，不偏冠"]
[22,"毛鹃","（毛球）高50cm，冠40cm,土球10cm，地栽苗","株",276650,{"v":4.5,"d":"4.50"},null,null,"株形端正"]
[23,"南天竹","高40cm,冠30cm,带土球","株",99500,2.21,null,null,"株形端正"]
[24,"实生银杏","胸径12cm,分枝点150cm以下,高600cm以上,土球100cm以上","株",70,449.53,null,null,"树形端正，不偏冠"]
[25,"水杉","胸径12cm,冠200cm,高600cm,土球70cm以上","株",127,{"v":460,"d":"460.00"},null,null,"树形端正，不偏冠"]
[26,"晚樱","D8cm,高200-250cm,冠200cm,枝下高70-100cm,土球60cm以上","株",439,{"v":350,"d":"350.00"},null,null,"树形端正，不偏冠"]
[27,"无刺构骨球","高120cm,冠120cm,土球50cm以上","株",100,116.97,null,null,"不偏冠"]
[28,"细叶麦冬","每丛10芽以上","丛",{"$f":"30000+9600","v":39600},{"v":0.4,"d":"0.40"},null,null,"株形端正"]
[29,"夏鹃","（毛球）高50cm,冠40cm,土球15cm，地栽苗","株",88000,{"v":5.5,"d":"5.50"},null,null,"株形端正"]
[30,"香樟","胸径12cm,冠250cm以上,分枝点230cm以上,土球100cm以上","株",250,{"v":706.4,"d":"706.40"},null,null,"移植苗（黑土），树形端正，不偏冠"]
["合计",{"$nulls":3},{"$f":"SUM(E4:E33)","v":1929698}]
["备注： 1、报价单价包含苗木主材、包装、运输、损毁等所有费用。\n      2、清单中的苗木品种、规格、数量为预估量，采购人不保证所有苗木均按清单全部采购，结算以实际供货为准，投标人自行考虑可能造成的风险因素，谨慎进行单项报价。\n      3、投标人不得对苗木数量和控制单价进行更改，否则投标无效。\n      4、报价表中所有苗木，其报价不能超过其控制单价，否则投标无效。"]